|
|
|
|
| LEADER |
00000nam0a2200000 4500 |
| 001 |
260774 |
| 005 |
20231101233516.0 |
| 035 |
|
|
|a (RuTPU)RU\TPU\book\283744
|
| 090 |
|
|
|a 260774
|
| 100 |
|
|
|a 20140519d1987 k y0rusy50 ca
|
| 101 |
0 |
|
|a rus
|
| 102 |
|
|
|a RU
|
| 105 |
|
|
|a a z 001zy
|
| 200 |
1 |
|
|a Совершенствование технологии и техники разведочных работ
|e межвузовский научный тематический сборник [Вып. 10]
|f Свердловский горный институт им. В. В. Вахрушева ; отв. ред. А. Н. Бажутин
|
| 210 |
|
|
|a Свердловск
|c Изд-во СГИ
|d 1987
|
| 215 |
|
|
|a 120 с.
|c ил.
|
| 320 |
|
|
|a Библиогр. в конце ст.
|
| 606 |
1 |
|
|a Бурение разведочное
|x Оптимизация
|2 stltpush
|3 (RuTPU)RU\TPU\subj\30369
|9 53487
|
| 610 |
1 |
|
|a разведочные работы
|
| 610 |
1 |
|
|a совершенствование
|
| 610 |
1 |
|
|a оптимизация
|
| 610 |
1 |
|
|a тампонажные растворы
|
| 610 |
1 |
|
|a скважины
|
| 610 |
1 |
|
|a искривление скважин
|
| 610 |
1 |
|
|a колонковые трубы
|
| 675 |
|
|
|a 550.822.7
|v 3
|
| 702 |
|
1 |
|a Бажутин
|b А. Н.
|4 340
|
| 712 |
0 |
2 |
|a Свердловский горный институт им. В. В. Вахрушева
|c (1934-1991)
|2 stltpush
|3 (RuTPU)RU\TPU\col\6743
|9 24264
|
| 801 |
|
1 |
|a RU
|b 63413507
|c 20140519
|
| 801 |
|
2 |
|a RU
|b 63413507
|c 20150424
|g RCR
|
| 942 |
|
|
|c BK
|